000 00295nam a22001337a 4500
008 181219b xxu||||| |||| 00| 0 eng d
020 _a9780073258928
041 _aeng
080 _22nd
_a371
100 _a46
101 _aEDU
245 _aA Writer's Resource
_cMaimon,E.P
942 _2udc
_cBK
999 _c53493
_d53493